Statistiques concernant Anciennes villes selon leur Pays actuel

Cliquez ici pour prendre le quiz!

Statistiques générales

  • Ce quiz a été pris 7 432 fois
  • Le résultat moyen est 13 sur 20

Statistiques - réponses

Anciennes villesPays actuel% Correct
Pompéi, Ravenne...Italie
95%
Sparte, Mycènes...Grèce
93%
Machu Picchu, Cuzco...Pérou
93%
Troie, Byzance...Turquie
90%
Alésia, Lutèce...France
89%
Chang'an, Kaifeng...Chine
87%
Teotihuacan, Tenochtitlan...Mexique
77%
Babylone, Ninive...Irak
76%
Edo, Asuka...Japon
76%
Carthage, Dougga...Tunisie
72%
Petra, Gérasa...Jordanie
67%
Memphis, Thèbes...Égypte
66%
Persépolis, Suse...Iran
59%
Tombouctou, Gao...Mali
59%
Angkor, Mahendraparvata...Cambodge
57%
Agra, Varanasi...Inde
39%
Ayutthaya, Sukhothaï...Thaïlande
39%
Tyr, Byblos...Liban
36%
Acre, Tibériade...Israël
32%
Tikal, Uaxactun...Guatemala
30%

Distribution des résultats

Percentile par nombre de réponses

% des personnes avec chaque résultat

Votre développement - résultats

Vous n’avez pas pris ce quiz